| 000 | 00596cam a22001577a 4500 | ||
|---|---|---|---|
| 008 | 180718b1992 xxu||||| |||| 00| 0 eng d | ||
| 082 | _aLmx5461 In2u | ||
| 100 | _aSarma, K.S.R.N. | ||
| 245 |
_aUrban development : municipal fiscal stress : a case study of financing urban development in Delhi - 2001 AD _cBy K.S.N. Sarma, Gangadhar Jha and Rakesh Gupta |
||
| 260 |
_aNew Delhi _bIndian institute of public administration _c1992 |
||
| 300 | _a140p | ||
| 650 | _aCity planning - India - Finance | ||
| 650 | _aUrbanization - India - Finance | ||
| 700 | _aGupta, Rakesh | ||
| 700 | _aJha, Gangadhar | ||
| 999 |
_c409784 _d409784 |
||